Top 30 : Angèle - Statistiques

Statistiques générales
  • Ce quiz a été pris 109 fois
  • Le résultat moyen est 14 sur 30
Statistiques - réponses
Top Titres Featuring % Correct
1 Fever Dua Lipa
96%
2 Balance ton quoi
94%
3 Tout oublier Roméo Elvis
92%
6 Démons Damso
86%
4 Ta reine
79%
5 Oui ou non
70%
8 Bruxelles je t’aime
68%
15 La loi de Murphy
68%
9 La thune
65%
12 Nightcall Kavinsky, Phoenix
61%
7 Flou
57%
14 Jalousie
55%
24 Taxi
50%
16 CP_009_ Évidemment Orelsan
45%
17 Je veux tes yeux
44%
10 Silence Damso
38%
18 Les matins
36%
11 Libre
36%
21 Flemme
35%
20 Perdus
33%
27 Que du love Kiddy Smile
32%
26 J'entends
27%
22 Nombreux
23%
30 Solo
21%
23 Victime des réseaux
21%
28 Insomnies
20%
25 Plus de sens
19%
19 Tu me regardes
19%
29 Sunflower Tamino
17%
13 J'ai vu Roméo Elvis, Le Motel
15%
Aucun quiz correspondant
Distribution des résultats
% des personnes avec chaque résultat
Percentile par nombre de réponses
Votre historique - résultats
Vous n’avez pas pris ce quiz